Advanced Accountancy (Record no. 1761)

MARC details
000 -LEADER
fixed length control field 00425nam a22001697a 4500
005 - DATE AND TIME OF LATEST TRANSACTION
control field 20180613152545.0
008 - FIXED-LENGTH DATA ELEMENTS--GENERAL INFORMATION
fixed length control field 160525b xxu||||| |||| 00| 0 eng d
020 ## - INTERNATIONAL STANDARD BOOK NUMBER
ISBN 81-272-0154-5
041 ## - LANGUAGE CODE
Language code of text/sound track or separate title eng
082 ## - DEWEY DECIMAL CLASSIFICATION NUMBER
Item number 5028
Classification number 657.046
100 ## - MAIN ENTRY--AUTHOR NAME
Personal name Jain, S.P. & Narang K.L.
245 ## - TITLE STATEMENT
Title Advanced Accountancy
260 ## - PUBLICATION, DISTRIBUTION, ETC. (IMPRINT)
Place of publication New Delhi
Name of publisher Academic Faundation
Year of publication 2002
300 ## - PHYSICAL DESCRIPTION
Number of Pages 1018
650 ## - SUBJECT ADDED ENTRY--TOPICAL TERM
Topical Term Management
942 ## - ADDED ENTRY ELEMENTS (KOHA)
Koha item type Books
Holdings
Lost status Damaged status Collection code Home library Current library Shelving location Date acquired Cost, normal purchase price Full call number Accession Number Koha item type
    Reference JRU Library   SHELF-28-I 25/05/2016 275.00 657.046 5028 Books
    LAW JRU Library   SHELF-32-A 25/05/2016 275.00 657.046 5029 Books
    LAW JRU Library   SHELF-32-A 25/05/2016 275.00 657.046 5030 Books
    LAW JRU Library   SHELF-32-A 25/05/2016 275.00 657.046 5031 Books
    LAW JRU Library   SHELF-32-A 25/05/2016 275.00 657.046 5032 Books
      JRU Library JRU Library Shelf - 13- D 25/05/2016 275.00 657.046 5033 Books